|
|
|
|
| LEADER |
00857nam a2200193Ia 4500 |
| 001 |
CTU_34975 |
| 008 |
210402s9999 xx 000 0 und d |
| 020 |
|
|
|b 81.000đ
|
| 082 |
|
|
|a 005.758
|
| 082 |
|
|
|b C637
|
| 245 |
|
0 |
|a Client/Server unleashed
|
| 245 |
|
0 |
|b Middleware, intranets, security, DBMS, networking, OO design, performance, tuning
|
| 245 |
|
0 |
|c Neil Jenkins...[et al.]
|
| 260 |
|
|
|a Indianapolis, Indiana
|
| 260 |
|
|
|b SAMS
|
| 650 |
|
|
|a sql ( computer program language ),client/server computing,computer programming ( electronic computers ),computer programs,database administration,database design,database management,distributed databases,html ( document makup language ),internet ( computer network )
|
| 650 |
|
|
|x study and teaching,study and teaching
|
| 904 |
|
|
|i Minh, 000211
|
| 980 |
|
|
|a Trung tâm Học liệu Trường Đại học Cần Thơ
|